| 000 | 00879nam a2200229Ii 4500 | ||
|---|---|---|---|
| 003 | JO-AjNU | ||
| 008 | 230605s9999||||xx |||||||||||||| ||und|| | ||
| 017 | _a2021/10/6105 | ||
| 020 | _a978-9957-35-526-5 | ||
| 040 |
_aJO-AjNU _bara _erda _cJO-AjNU |
||
| 041 | _aara | ||
| 050 | 1 | 4 | _aDP99 2022 |
| 100 | 3 |
_aالباهلي، انسام غضبان, _eauthor _962733 |
|
| 245 | 0 | 0 | _aالمفاخرات في بلاد الاندلس من الفتح الاسلامي حتي سقوط غرناطة (92-897ه-710-1492م):دراسة تاريخية |
| 250 | _aط1 | ||
| 264 | 3 | 1 | _aعمان: مركز الكتاب الاكاديمي، 2022 |
| 300 | _a358ص | ||
| 336 |
_atext _btxt _2rdacontent |
||
| 337 |
_aunmediated _bn _2rdamedia |
||
| 338 |
_avolume _bnc _2rdacarrier |
||
| 650 | 4 |
_aتاريخ الاندلس(14921-711)-فتح الاندلسالتاريخ الاسلامي _962734 |
|
| 999 |
_aA28421 _c31989 _d31989 |
||